banner-ar

Discoveries and Inventions : (Record no. 60693)

MARC details
000 -الفاتح
حقل البيانات ثابتة الطول 00631nam a22002057a 4500
005 - وقت وتاريخ اخر تعامل مع التسجيلة
رقم الضبط 20240530110423.0
008 - عناصر البيانات ثابتة الطول - معلومات عامة
حقل البيانات ثابتة الطول 150315s2006 ca ao f 001 0 eng d
020 ## - الرقم الدولى المعيارى للكتب
الرقم الدولى المعيارى للكتاب 9036617006
040 ## - مصدر الفهرسة
وكالة الفهرسة الأصلية EG-CaGPL
وكالة النسخ EG-CaGPL
082 04 - رقم تصنيف ديوى العشرى
رقم الطبعة 21
رقم التصنيف 608
رقم المادة Ref/M D
100 1# - المدخل الرئيسى - إسم شخصى
الإسم الشخصى Meidenbauer , Jorg
245 10 - بيان العنوان
العنوان Discoveries and Inventions :
بقية العنوان From Prehistoric To Modern Times /
بيان المسئوليه,etc Edited by Jorg Meidenbauer
260 ## - PUBLICATION, DISTRIBUTION, ETC. (IMPRINT)
تاريخ النشر أو التوزيع 2006
300 ## - الوصف المادى
التعداد 400 P. :
تفاصيل ماديه اخرى للوعاء col. ill. , photos ;
أبعاد الوعاء 32 cm.
650 0# - المدخل الاضافى بالموضوع-مصطلح موضوعى
مصطلح موضوعي TECHNOLOGY
650 0# - المدخل الاضافى بالموضوع-مصطلح موضوعى
مصطلح موضوعي INVENTORS - DICTIONARY
942 ## - عناصر المدخل الإضافي( كوها)
مصدر التصنيف او مخطط الترفيف Dewey Decimal Classification
Koha [default] item type كتاب
260 ## - PUBLICATION, DISTRIBUTION, ETC. (IMPRINT)
-- Netherlands :
-- REBO Publishers ,
Holdings
حالة التراجع حالة الفقد مصدر التصنيف او خطة الترفيف حالة تلف ليس للاعارة المكان المؤقت الموقع الحالى تاريخ الاكتساب اجمالي اﻻعارات رقم الطلب الباركود تاريخ اخر مشاهدة تاريخ تفعيل السعر نوع وعاء كوها
    ddc     مكتبة القاهرة الكبرى مكتبة القاهرة الكبرى 03/15/2015   608 Ref/M D 159795 03/15/2015 03/15/2015 كتاب

Powered By

EGPV